| 000 | 01072nam0a22002771 4500 | ||
|---|---|---|---|
| 001 | RU\NLR\A1SV\53207 | ||
| 005 | 20251203171251.9 | ||
| 035 | _a(NLR Aleph) 009735172 | ||
| 090 |
_a9923545 _c9923545 |
||
| 100 | _a20050612d1923 u y0rusy50 ca | ||
| 101 | 0 | _arus | |
| 102 | _aRU | ||
| 200 | 1 |
_aБросайте трехполье _f[Соч.] крестьянина С.С.Кислянского _gПод ред. агр. Н.К.Борисова |
|
| 210 |
_aМ. _cМоск. губ. комис. по борьбе с последствиями голода _d1923 |
||
| 215 |
_a16 с. _d15 см |
||
| 225 |
_aОбщедоступ. б-ка _iАграр. сер. _v№ 12 |
||
| 620 | _dМосква | ||
| 700 | 1 |
_aКислянский _bС.С. _gСергей Семенович |
|
| 702 | 1 |
_4340 _7ca _8rus _aБорисов _bН. К. _cагроном _f1875- _gНиколай Константинович _9207838 _3RU\NLR\AUTH\770207891 |
|
| 801 | 0 |
_aRU _bNLR _c20050612 |
|
| 852 |
_aNLR _j40.15.7.42-12 |
||
| 899 | _aРГБ | ||
| 942 | _cBOOK | ||
| 980 | _aNB | ||
| 980 | _aA1SV | ||